[Event "FIDE Open"]
[Site "Voronezh"]
[Date "2018.06.14"]
[Round "3.55"]
[White "Agibalov, Roman"]
[Black "Stepanenko, Kirill"]
[Result "1-0"]
[WhiteElo "1655"]
[BlackElo "1784"]
[Annotator ""]
[Source ""]
[Remark ""]

1.d4 d5 2.Bf4 c5 3.e3 Qb6 4.Nc3 Nf6 5.dxc5 Qxb2 6.Nb5 Na6 7.Rb1
Qxa2 8.Be5 Qa5+ 9.c3 Bf5 10.Ra1 Qd8 11.Rxa6 Rc8 12.Rxa7 Nd7 13.Bc7
Rxc7 14.Nxc7+ Qxc7 15.Ra8+ Nb8 16.Bb5+ Bd7 17.Bxd7+ Kxd7 18.Qxd5+
Ke8 19.Nf3 e6 20.Qe5 1-0

[Event "FIDE Open"]
[Site "Voronezh"]
[Date "2018.06.14"]
[Round "3.56"]
[White "Murzina, Agata"]
[Black "Knyazev, Pavel"]
[Result "1-0"]
[WhiteElo "1632"]
[BlackElo "1762"]
[Annotator ""]
[Source ""]
[Remark ""]

1.e4 e5 2.Bc4 d6 3.d3 g6 4.Nf3 Be6 5.Bxe6 fxe6 6.Ng5 Qe7 7.Qg4
Kd7 8.Nc3 Nf6 9.Qh3 c6 10.f4 exf4 11.Bxf4 Bg7 12.g4 e5 13.Be3
h6 14.Nf3 Qe6 15.Rg1 h5 16.Ng5 hxg4 17.Qxh8 Bxh8 18.Nxe6 Kxe6
19.O-O-O Nbd7 20.d4 exd4 21.Bxd4 Ne5 22.Rg2 Bg7 23.Be3 b6 24.a4
Rf8 25.b3 Nf3 26.Ne2 Re8 27.Nd4+ Kd7 28.Nxf3 Rxe4 29.Bd4 Bh6+
30.Kb2 Nd5 31.Ng1 c5 32.Bc3 Kc6 33.Re2 Nxc3 34.Kxc3 Bg7+ 35.Kd2
Bh6+ 36.Ke1 Rb4 37.Re6 1-0

[Event "FIDE Open"]
[Site "Voronezh"]
[Date "2018.06.14"]
[Round "3.57"]
[White "Ragimli, Deniz"]
[Black "Koshelev, Vladimir"]
[Result "1-0"]
[WhiteElo "1626"]
[BlackElo "1741"]
[Annotator ""]
[Source ""]
[Remark ""]

1.e4 d5 2.exd5 Qxd5 3.Nc3 Qd6 4.Nf3 Nf6 5.h3 c6 6.d4 g6 7.Be3
Bg7 8.Qd2 Nbd7 9.Be2 Nb6 10.O-O Be6 11.Bf4 Qd8 12.b3 h6 13.a4
a5 14.Ne5 Nbd5 15.Nxd5 Nxd5 16.Bh2 O-O 17.c4 Nb4 18.Bf4 Kh7 19.Rad1
Bxe5 20.Bxe5 Bf5 21.Qe3 f6 22.Bg3 Qd7 23.Bf3 e6 24.Be4 Rfe8 25.f4
Rad8 26.Bh4 Kg7 27.g4 Bxe4 28.Qxe4 c5 29.g5 cxd4 30.gxh6+ Kf7
31.Bxf6 d3 32.Bxd8 Rxd8 33.Kh2 Rh8 34.Qe5 Rxh6 35.Qxa5 Nc2 36.Qc3
Ne3 37.Rxd3 Nxf1+ 38.Kg2 Qc6+ 39.Kxf1 Qh1+ 40.Ke2 Qh2+ 41.Kd1
Qh1+ 42.Kc2 Qh2+ 43.Kb1 Qg1+ 44.Ka2 Qg2+ 45.Ka3 Qc6 46.c5 Rh5
47.b4 Rd5 48.Rg3 Qd7 49.Qc2 Rf5 50.b5 Qd4 51.c6 Qa1+ 52.Kb3 bxc6
53.bxc6 Qe1 54.Rd3 Qa5 55.c7 Qb6+ 56.Ka2 Rc5 57.Rc3 Qxc7 58.Rxc5 1-0

[Event "FIDE Open"]
[Site "Voronezh"]
[Date "2018.06.14"]
[Round "3.58"]
[White "Zhapova, Yana"]
[Black "Kuzmin, Vitaly"]
[Result "1-0"]
[WhiteElo "1597"]
[BlackElo "1738"]
[Annotator ""]
[Source ""]
[Remark ""]

1.e4 c6 2.d4 d5 3.Nc3 dxe4 4.Nxe4 Bf5 5.Ng3 Bg6 6.N1e2 h6 7.Nf4
Bh7 8.Bc4 e6 9.O-O Nf6 10.Re1 Be7 11.Bxe6 O-O 12.Bf5 Nbd7 13.d5
cxd5 14.Nxd5 Re8 15.Nxf6+ Nxf6 16.Bxh7+ Kxh7 17.Qxd8 Raxd8 18.Be3
a6 19.c4 Bd6 20.Rad1 Bxg3 21.hxg3 Rxd1 22.Rxd1 Re7 23.Kf1 Kg6
24.b4 Ne4 25.Rd3 f5 26.a4 Rc7 27.c5 h5 28.Bf4 Re7 29.f3 Nf6 30.b5
axb5 31.axb5 Rd7 32.Ke2 Kf7 33.c6 bxc6 34.bxc6 Rxd3 35.Kxd3 Ke6
36.c7 Kd7 37.Kd4 Ne8 38.Kd5 g6 39.Be5 1-0

[Event "FIDE Open"]
[Site "Voronezh"]
[Date "2018.06.14"]
[Round "3.59"]
[White "Ismailov, Samir"]
[Black "Rubtsov, Victor"]
[Result "1-0"]
[WhiteElo "1507"]
[BlackElo "1735"]
[Annotator ""]
[Source ""]
[Remark ""]

1.d4 d5 2.Nf3 Nf6 3.c4 c6 4.Nc3 Bg4 5.e3 Nbd7 6.Be2 e6 7.O-O
Be7 8.Nd2 Bxe2 9.Qxe2 O-O 10.cxd5 cxd5 11.f3 Nb6 12.Nb3 Rc8 13.Bd2
Nc4 14.Rab1 Bd6 15.e4 dxe4 16.fxe4 Nxd2 17.Nxd2 Bb4 18.Qd3 Qa5
19.Nb3 Qh5 20.e5 Ne8 21.Rf3 h6 22.Rbf1 f5 23.d5 f4 24.Qe4 Bxc3
25.bxc3 Nc7 26.c4 exd5 27.cxd5 Rcd8 28.d6 Ne6 29.Qd5 Qf7 30.Nd4
Nxd4 31.Qxd4 Qxa2 32.Rxf4 Rfe8 33.Qc5 Qe6 34.Rf5 a6 35.h3 Rc8
36.Qb6 Qd5 37.Rf7 Rc2 38.Qxb7 Qxe5 39.d7 Qc5+ 40.Kh1 Rd8 41.Qb3
Rc4 42.R7f4 1-0

[Event "FIDE Open"]
[Site "Voronezh"]
[Date "2018.06.14"]
[Round "3.60"]
[White "Denisenko, Dmitry"]
[Black "Sibgatullin, Amir"]
[Result "0-1"]
[WhiteElo "1703"]
[BlackElo "1638"]
[Annotator ""]
[Source ""]
[Remark ""]

1.e4 g6 2.d4 Bg7 3.c3 d6 4.Nf3 a6 5.Be3 b5 6.Nbd2 Bb7 7.Be2 Nf6
8.Qc2 Nbd7 9.O-O O-O 10.h3 c5 11.Rac1 Rc8 12.Qb1 h6 13.b3 cxd4
14.cxd4 Qa5 15.Nh2 Nh7 16.Ng4 h5 17.Nh2 e6 18.Bf3 Rce8 19.Rc2
Bc8 20.Rfc1 e5 21.b4 Qb6 22.dxe5 Qb8 23.exd6 Ne5 24.Bc5 Bd7 25.Be2
Qb7 26.Nhf3 Nc6 27.Bd3 Re6 28.Nb3 Nf6 29.Nfd4 Ree8 30.Nxc6 Qxc6
31.f3 Rc8 32.Kh1 Nh7 33.Nd2 Be5 34.a4 Bxd6 35.axb5 axb5 36.Bxb5
Qxb5 37.Bxd6 Rxc2 38.Rxc2 Ra8 39.Rc5 Qb7 40.Nc4 Ra4 41.Ra5 Rxa5
42.Nxa5 Qb5 43.Qc1 Ng5 44.Qc4 Qa4 45.Kh2 Qd1 46.Bc5 Qd2 47.Nb3
Qf4+ 48.Kh1 Nxf3 49.gxf3 Qxf3+ 50.Kg1 Qg3+ 51.Kf1 Bxh3+ 52.Ke2
Be6 53.Qd3 Qxd3+ 54.Kxd3 Bxb3 55.b5 Be6 56.b6 Bc8 57.Ke3 f6 58.Kf3
Kf7 59.Be3 Ke6 60.Kg3 Bb7 61.Kf4 g5+ 62.Kf3 0-1

[Event "FIDE Open"]
[Site "Voronezh"]
[Date "2018.06.14"]
[Round "3.61"]
[White "Lupolov, Boris"]
[Black "Neklyudova, Taisiya"]
[Result "1-0"]
[WhiteElo "1925"]
[BlackElo "1268"]
[Annotator ""]
[Source ""]
[Remark ""]

1.d4 d5 2.c4 e6 3.Nf3 Nf6 4.Bg5 Be7 5.e3 O-O 6.Nc3 h6 7.Bh4 Ne4
8.Bxe7 Qxe7 9.Qc2 Nxc3 10.Qxc3 c6 11.cxd5 exd5 12.Bd3 Be6 13.O-O
Nd7 14.b4 Rac8 15.a4 Nf6 16.Qc5 Qxc5 17.bxc5 Rc7 18.Rfb1 g6 19.Rb2
Re8 20.Rab1 Ree7 21.Ne5 Kg7 22.f3 Nh7 23.Bc2 Nf8 24.Kf2 Bc8 25.a5
a6 26.Ke2 Re8 27.Kd2 Rce7 28.Re1 Ne6 29.Kc3 Nc7 30.Bd3 Nb5+ 31.Bxb5
cxb5 32.Kd2 f6 33.Nd3 Bd7 34.c6 Bxc6 35.Nb4 g5 36.Rc2 Re6 37.Rc5
Rd6 38.Rec1 Ree6 39.R5c3 Kg6 40.Nd3 Re7 41.Nb4 Ree6 42.g4 Kg7
43.Rc5 Kg6 44.Ke2 f5 45.gxf5+ Kxf5 46.e4+ Kg6 47.Kf2 Re7 48.e5
Rde6 49.Nxc6 bxc6 50.Rxc6 Kf5 51.Ke3 h5 52.R1c5 b4 53.Rxe6 Rxe6
54.Rxd5 b3 55.Kd3 b2 56.Kc2 Rc6+ 57.Kxb2 1-0

[Event "FIDE Open"]
[Site "Voronezh"]
[Date "2018.06.14"]
[Round "3.62"]
[White "Filippov, Vladimir"]
[Black "Pogorelov, Aleksey"]
[Result "0-1"]
[WhiteElo "1881"]
[BlackElo "1569"]
[Annotator ""]
[Source ""]
[Remark ""]

1.Nf3 Nc6 2.g3 d5 3.Bg2 Nf6 4.c4 Bf5 5.b3 g6 6.Bb2 Bg7 7.cxd5
Qxd5 8.O-O Qd7 9.Re1 O-O 10.d3 Rad8 11.Nbd2 Rfe8 12.Nc4 Ng4 13.Bxg7
Kxg7 14.Qd2 e5 15.Qc3 f6 16.Rac1 Nd4 17.Ne3 Nxe3 18.fxe3 Nxf3+
19.Bxf3 c6 20.Bg2 Be6 21.Rf1 Bh3 22.Rf2 Bxg2 23.Kxg2 Rf8 24.a3
Rf7 25.b4 Qe6 26.Rcf1 h5 27.h3 Qd5+ 28.e4 Qd4 29.Qxd4 Rxd4 30.Rb1
Rc7 31.Rff1 Rd8 32.Rfc1 g5 33.Rc2 Kf7 34.Kf2 Ke6 35.Ke3 Rdc8
36.a4 Kd6 37.Rf1 Ke6 38.Rfc1 Kd6 39.a5 Kd7 40.Kf3 Ke6 41.e3 Rd8
42.Ke2 Rcd7 43.Rc3 a6 44.Rf1 Rd6 45.Rh1 Rg8 46.Rc4 Rgd8 47.Rd1
Kf7 48.d4 Ke6 49.Rd3 R6d7 50.Rd1 Rd6 51.Kd3 R6d7 52.Rf1 Rd6 53.Rf5
Rg8 54.Rc2 Rgd8 55.Rc4 Rg8 56.Ke2 exd4 57.exd4 Rgd8 58.Ke3 Rg8
59.Rc2 Rgd8 60.Rd2 Kf7 61.h4 Kg6 62.hxg5 fxg5 63.Rff2 Re6 64.e5
Rh8 65.Rf3 h4 66.Rh2 g4 67.Rf1 Kg5 68.gxh4+ Rxh4 69.Rg2 Rh3+
70.Ke4 Rh4 71.Rg3 Rg6 72.Rf5+ Kh6 73.Rf6 Rxf6 74.exf6 Kg6 75.Ke5
Kf7 76.Kd6 Kxf6 77.Rg1 Kg5 78.d5 cxd5 79.Kxd5 Rh7 80.Kc5 Kf4
81.Kd6 g3 0-1

[Event "FIDE Open"]
[Site "Voronezh"]
[Date "2018.06.14"]
[Round "3.63"]
[White "Tatarinova, Elena"]
[Black "Netsvetaev, Kirill"]
[Result "1/2-1/2"]
[WhiteElo "1797"]
[BlackElo "1536"]
[Annotator ""]
[Source ""]
[Remark ""]

1.c4 e5 2.Nc3 Nf6 3.g3 d5 4.cxd5 Nxd5 5.Bg2 Nb6 6.Nf3 Nc6 7.Rb1
f6 8.O-O Be6 9.d3 Be7 10.Be3 O-O 11.d4 exd4 12.Nxd4 Nxd4 13.Bxd4
c6 14.f4 Qc7 15.Qc2 Rad8 16.Bf2 f5 17.e4 fxe4 18.Bxe4 h6 19.Nb5
Qb8 20.Nd4 Bxa2 21.Rbe1 Bb4 22.b3 c5 23.Bh7+ Kh8 24.Ne6 Bxe1
25.Rxe1 Bxb3 26.Qxb3 Kxh7 27.Qc2+ Kh8 28.Qg6 Rg8 29.Nxd8 Qxd8
30.Bxc5 Qd2 31.Rb1 Rc8 32.Qe4 Qc3 33.Bd4 Qc6 34.Qe7 Qg6 35.f5
Qg4 36.Ba1 Nd5 37.Qe6 Rd8 38.Qxh6+ Kg8 39.Qe6+ Kh8 40.Qh6+ Kg8
41.Qe6+ 1/2-1/2

[Event "FIDE Open"]
[Site "Voronezh"]
[Date "2018.06.14"]
[Round "3.64"]
[White "Kalashnikova, Elena"]
[Black "Kuritsina, Zlata"]
[Result "0-1"]
[WhiteElo "1774"]
[BlackElo "1508"]
[Annotator ""]
[Source ""]
[Remark ""]

1.e4 e6 2.d4 d5 3.Nc3 Bb4 4.e5 Ne7 5.a3 Bxc3+ 6.bxc3 c5 7.Nf3
Nbc6 8.h4 c4 9.h5 h6 10.Be2 Rb8 11.g4 Kd7 12.Nh4 Kc7 13.a4 Bd7
14.Ba3 Nc8 15.f4 Na5 16.Qc1 b6 17.Bb4 Kb7 18.Nf3 Ka8 19.g5 Nc6
20.Ba3 N8e7 21.Nh4 g6 22.Rg1 hxg5 23.Rxg5 gxh5 24.Bxh5 Be8 25.Qd1
Ng6 26.Qg4 Nxh4 27.Qxh4 f6 28.exf6 Qxf6 29.Bxe8 Rbxe8 30.Qf2
Rh1+ 31.Rg1 Rxg1+ 32.Qxg1 Qxf4 33.Qg7 Nb8 34.a5 Qh4+ 35.Kd2 Qf4+
36.Ke2 e5 37.axb6 exd4+ 38.Be7 Nc6 39.cxd4 Rxe7+ 40.Qxe7 Nxe7
41.Rxa7+ Kb8 42.Rxe7 Qxd4 43.b7 Qg4+ 44.Kf2 Qh4+ 0-1

[Event "FIDE Open"]
[Site "Voronezh"]
[Date "2018.06.14"]
[Round "3.65"]
[White "Titarenko, Pavel"]
[Black "Degtiarev, Viktor"]
[Result "1/2-1/2"]
[WhiteElo "1520"]
[BlackElo "1772"]
[Annotator ""]
[Source ""]
[Remark ""]

1.d4 c5 2.c3 cxd4 3.cxd4 d5 4.Bf4 Nc6 5.Nf3 Nf6 6.e3 Nh5 7.Bg3
Nxg3 8.hxg3 Bg4 9.Nc3 a6 10.Qb3 b5 11.Qxd5 Bd7 12.Ne5 Nxe5 13.dxe5
e6 14.Qd3 g6 15.Rd1 Bb4 16.Rh4 Bxc3+ 17.Qxc3 Qc8 18.Qa5 O-O 19.Qb4
Kg7 20.Qf4 Rh8 21.Qf6+ Kg8 22.Rf4 Be8 23.Be2 Qc7 24.Bf3 Rc8 25.Bg4
Qc6 26.Rfd4 h5 27.Bf3 Qc7 28.Rf4 Rh7 29.Be4 Rg7 30.g4 g5 31.Rf3
h4 32.Rh3 Bc6 33.Bxc6 Qxc6 34.Rd8+ Rxd8 35.Qxd8+ Kh7 36.Rxh4+
gxh4 37.Qxh4+ Kg8 38.Qd8+ Kh7 39.Qh4+ Kg8 40.Qd8+ Kh7 41.Qh4+
Kg8 1/2-1/2

[Event "FIDE Open"]
[Site "Voronezh"]
[Date "2018.06.14"]
[Round "3.66"]
[White "Astakhov, Alexander"]
[Black "Lebedeva, Ekaterina"]
[Result "1-0"]
[WhiteElo "1762"]
[BlackElo "1503"]
[Annotator ""]
[Source ""]
[Remark ""]

1.e4 c5 2.Nf3 Nc6 3.d4 cxd4 4.Nxd4 e5 5.Nb3 Nf6 6.Nc3 Bb4 7.Bg5
h6 8.Bxf6 Qxf6 9.Qd3 O-O 10.a3 Bxc3+ 11.Qxc3 d6 12.f3 a5 13.Bc4
Be6 14.Bxe6 fxe6 15.Rd1 a4 16.Nc1 Nd4 17.Qd3 Qh4+ 18.g3 Qh5 19.f4
Nf3+ 20.Kf2 exf4 21.g4 Qh4+ 22.Kxf3 Qh3+ 23.Kf2 f3 24.Rdg1 Qh4+
25.Rg3 Rf4 26.Qxd6 Rxe4 27.Kxf3 Rd8 28.Qb6 Rdd4 29.Nd3 Qf6+ 30.Kg2
Rxg4 31.Rf1 Qe7 32.Re1 Rd6 33.Qe3 Rc4 34.c3 Qd7 35.Ne5 Qc7 36.Nxc4
Qxc4 37.Qe5 Qc6+ 38.Kh3 1-0

[Event "FIDE Open"]
[Site "Voronezh"]
[Date "2018.06.14"]
[Round "3.67"]
[White "Yudin, Sergei"]
[Black "Shipitsyna, Guzyal"]
[Result "1-0"]
[WhiteElo "1699"]
[BlackElo "1444"]
[Annotator ""]
[Source ""]
[Remark ""]

1.d4 Nf6 2.c4 e6 3.Nc3 Bb4 4.e3 O-O 5.Nge2 d5 6.a3 Bxc3+ 7.Nxc3
c5 8.dxc5 Nc6 9.cxd5 exd5 10.Be2 Bf5 11.O-O Be4 12.Nxe4 dxe4
13.Qc2 Qe7 14.b3 Rfd8 15.Bb2 a5 16.Rfd1 Rac8 17.Rxd8+ Rxd8 18.Rd1
Rxd1+ 19.Bxd1 Kf8 20.Be2 Nd7 21.Bd4 f6 22.Bb5 Nxd4 23.exd4 f5
24.Qd2 Nf6 25.Qf4 g6 26.Bc4 Kg7 27.b4 axb4 28.axb4 Qd7 29.Qe5
Qe8 30.Qxe8 Nxe8 31.Bd5 Nc7 32.Bxb7 Kf8 33.d5 Ke8 34.d6 Nb5 35.Bc6+ 1-0

[Event "FIDE Open"]
[Site "Voronezh"]
[Date "2018.06.14"]
[Round "3.68"]
[White "Zakharov, Timofey V."]
[Black "Lysenko, Olesya"]
[Result "0-1"]
[WhiteElo "1389"]
[BlackElo "1697"]
[Annotator ""]
[Source ""]
[Remark ""]

1.e4 e5 2.Nf3 Nc6 3.Bc4 Nf6 4.Ng5 d5 5.exd5 b5 6.Bf1 Nxd5 7.Bxb5
Bb7 8.d4 exd4 9.Qxd4 Qd7 10.Qe4+ Be7 11.O-O h6 12.Nf3 O-O 13.Rd1
Rad8 14.c4 Nf6 15.Rxd7 Nxe4 16.Bxc6 Bxc6 17.Rxd8 Rxd8 18.Nbd2
Bb4 19.Nf1 Rd1 20.b3 Bc3 21.Rb1 Nc5 22.Bd2 Rxb1 23.Bxc3 Be4 24.Bd4
Ne6 25.Be3 Bd3 26.N3d2 Rb2 27.Bxa7 Nf4 28.g3 Ne2+ 29.Kg2 Nc1
30.Bd4 Rxa2 31.Bc3 Bc2 32.Ne3 Nxb3 33.Nxb3 Bxb3 34.c5 g6 0-1

[Event "FIDE Open"]
[Site "Voronezh"]
[Date "2018.06.14"]
[Round "3.69"]
[White "Ryumshin, Vladislav"]
[Black "Meshkov, Timofey"]
[Result "1-0"]
[WhiteElo "1697"]
[BlackElo "1403"]
[Annotator ""]
[Source ""]
[Remark ""]

1.e4 c5 2.Nf3 e6 3.d4 cxd4 4.Nxd4 Nc6 5.Nc3 Qc7 6.Be3 a6 7.Be2
Nf6 8.a3 Be7 9.h3 O-O 10.O-O Rd8 11.Qc1 d5 12.exd5 Nxd5 13.Nxd5
Rxd5 14.Nxc6 bxc6 15.c4 Rd8 16.Bf3 Rb8 17.Rb1 c5 18.Qc2 Qe5 19.g3
Qc7 20.Rfd1 Bb7 21.Bxb7 Qxb7 22.Rxd8+ Rxd8 23.b3 h6 24.Rd1 Rxd1+
25.Qxd1 Kf8 26.Qc2 Kg8 27.Qc3 Qb6 28.Bd2 f6 29.h4 e5 30.Qd3 Qb7
31.Qd5+ Qxd5 32.cxd5 Kf8 33.Kf1 Ke8 34.Ke2 Kd7 35.Kd3 h5 36.f4
g6 37.fxe5 fxe5 38.Ke4 Kd6 39.Bg5 a5 40.Bxe7+ Kxe7 41.Kxe5 Kd7
42.a4 Kc7 43.Ke6 Kd8 44.Kd6 Kc8 45.Kxc5 1-0

[Event "FIDE Open"]
[Site "Voronezh"]
[Date "2018.06.14"]
[Round "3.70"]
[White "Povelitsa, Nikolai"]
[Black "Titov, Oleg"]
[Result "0-1"]
[WhiteElo "1364"]
[BlackElo "1695"]
[Annotator ""]
[Source ""]
[Remark ""]

1.e4 e5 2.Nc3 Nf6 3.Nf3 Nc6 4.a3 Bc5 5.Bc4 d6 6.d3 O-O 7.Bg5
h6 8.Bh4 g5 9.Nxg5 hxg5 10.Bxg5 Be6 11.Qf3 Nd4 12.Qg3 Nh5 13.Qh4
f6 14.Bxe6+ Nxe6 15.Bh6 Nhg7 16.Nd5 c6 17.Ne3 Bxe3 18.fxe3 f5
19.O-O-O Qxh4 0-1

[Event "FIDE Open"]
[Site "Voronezh"]
[Date "2018.06.14"]
[Round "3.71"]
[White "Pokasova, Irina"]
[Black "Makushin, Aleksandr"]
[Result "1-0"]
[WhiteElo "1311"]
[BlackElo "1692"]
[Annotator ""]
[Source ""]
[Remark ""]

1.c4 Nf6 2.Nc3 e6 3.d4 Bb4 4.Bd2 O-O 5.Nf3 b6 6.e3 Bb7 7.Bd3
d5 8.O-O a5 9.Rc1 dxc4 10.Bxc4 Nc6 11.Qe2 Re8 12.Rfd1 Ne7 13.a3
Bxc3 14.Bxc3 Ne4 15.Nd2 Nxc3 16.Rxc3 Nd5 17.Bxd5 Qxd5 18.Qf3
Qxf3 19.Nxf3 Bxf3 20.gxf3 Re7 21.Rdc1 Rc8 22.Rc6 Rb8 23.Rxc7
Kf8 24.Rc8+ Re8 25.Rxe8+ Kxe8 26.Rc7 g6 27.Kf1 Kf8 28.Ke2 g5
29.Kd3 Kg7 30.e4 Kg6 31.d5 exd5 32.exd5 h5 33.Kd4 f6 34.d6 Kf5
35.Kd5 Kf4 36.Rc3 f5 37.d7 g4 38.fxg4 fxg4 39.Rc8 1-0

[Event "FIDE Open"]
[Site "Voronezh"]
[Date "2018.06.14"]
[Round "3.73"]
[White "Shcherbinin, Nikolay"]
[Black "Cherniavskaya, Klara"]
[Result "1-0"]
[WhiteElo "1671"]
[BlackElo "1357"]
[Annotator ""]
[Source ""]
[Remark ""]

1.e4 c6 2.d4 d5 3.exd5 Qxd5 4.Nc3 Qd8 5.Nf3 e6 6.Bf4 Bb4 7.Bd3
Bxc3+ 8.bxc3 Nd7 9.O-O Ngf6 10.c4 O-O 11.Re1 Re8 12.c3 c5 13.Qc2
b6 14.Ne5 g6 15.Nc6 Nh5 16.Nxd8 Rxd8 1-0

[Event "FIDE Open"]
[Site "Voronezh"]
[Date "2018.06.14"]
[Round "3.1"]
[White "Garafutdinov, Ainur"]
[Black "Bruyatskaya, Mariya"]
[Result "1/2-1/2"]
[WhiteElo "2122"]
[BlackElo "2026"]
[Annotator ""]
[Source ""]
[Remark ""]

1.e4 c6 2.d4 d5 3.Nc3 dxe4 4.Nxe4 Nf6 5.Nxf6+ exf6 6.Nf3 Bd6
7.Bd3 O-O 8.O-O Bg4 9.h3 Bh5 10.Be4 Bc7 11.Qd3 Bg6 12.Bxg6 hxg6
13.b3 Na6 14.Ba3 Re8 15.c4 Qd7 16.Rfe1 Rad8 17.Rad1 Rxe1+ 18.Rxe1
Bd6 19.Bxd6 Qxd6 20.Qe4 Nc7 21.Qe7 Qd7 22.Qxd7 Rxd7 23.Rd1 Ne6
24.Rd2 f5 25.h4 f6 26.Kf1 Kf7 27.g3 Nc7 28.Ke2 Ne8 29.Kd3 Nd6
30.Re2 Ne4 31.Nd2 Nc5+ 32.Kc3 Ne6 33.Nf3 Nc7 34.a4 Re7 35.Rb2
a5 36.b4 axb4+ 37.Kxb4 b6 38.Kc3 Na8 39.c5 bxc5 40.dxc5 Ra7 41.Ra2
Ke6 42.Kc4 Nc7 43.Nd4+ Kd7 44.a5 Ra6 45.Rd2 Nd5 46.Nxc6 Kxc6
47.Rxd5 Rxa5 48.Rd6+ Kc7 49.Kd5 Ra2 50.Ke6 Rxf2 51.Rd7+ Kc6 52.Rxg7
Rg2 53.Rxg6 f4 54.Kxf6 Rxg3 55.h5 Rxg6+ 56.hxg6 1/2-1/2

[Event "FIDE Open"]
[Site "Voronezh"]
[Date "2018.06.14"]
[Round "3.2"]
[White "Kutyanina, Mariya"]
[Black "Kolomensky, Vladimir"]
[Result "1-0"]
[WhiteElo "2021"]
[BlackElo "2120"]
[Annotator ""]
[Source ""]
[Remark ""]

1.d4 Nf6 2.c4 e6 3.Nc3 Bb4 4.e3 c5 5.Nge2 b6 6.a3 Ba5 7.Rb1 Na6
8.Bd2 O-O 9.Nf4 cxd4 10.exd4 Bxc3 11.Bxc3 d5 12.Nh5 dxc4 13.Bxc4
Nc7 14.O-O Bb7 15.Nf4 Qd6 16.Qc1 Rfd8 17.f3 Rac8 18.Nd3 Ncd5
19.Ne5 Rc7 20.Qe1 Nxc3 21.bxc3 Rdc8 22.Qe2 Nd5 23.Bxd5 Qxd5 24.Rfd1
Rxc3 25.h4 Rc2 26.Qe3 Qd6 27.Rd2 R2c3 28.Rd3 Qxa3 29.Rxc3 Qxc3
30.Qxc3 Rxc3 31.Ra1 a6 32.Nd7 b5 33.Nc5 Bd5 34.Nxa6 g6 35.Rb1
Rb3 36.Rxb3 Bxb3 37.Kf2 Kf8 38.Ke3 Ke7 39.Kd3 Kd6 40.Kc3 Bc4
41.Nc5 Bf1 42.g3 Be2 43.Ne4+ Kd5 44.Nf6+ Kd6 45.Nxh7 e5 46.Ng5
f6 47.Ne4+ Ke6 48.dxe5 Kxe5 49.Nd2 f5 50.Kb4 Kd4 51.g4 Bxf3 52.Nxf3+
Ke3 53.gxf5 gxf5 54.h5 Kxf3 55.h6 f4 56.h7 Kg2 57.h8Q f3 58.Qg7+
Kf1 59.Kc3 1-0

[Event "FIDE Open"]
[Site "Voronezh"]
[Date "2018.06.14"]
[Round "3.3"]
[White "Lebedev, Mikhail S."]
[Black "Katkov, Vitaly"]
[Result "1-0"]
[WhiteElo "2103"]
[BlackElo "2018"]
[Annotator ""]
[Source ""]
[Remark ""]

1.e4 e5 2.f4 exf4 3.Nf3 d6 4.d4 g5 5.h4 g4 6.Ng1 Be7 7.Bxf4 Bxh4+
8.g3 Bf6 9.Nc3 Ne7 10.Qd2 Nbc6 11.Nge2 h5 12.O-O-O Ng6 13.Be3
Nce7 14.Bg2 c6 15.Rdf1 Bg7 16.Bg5 Qa5 17.Kb1 Be6 18.d5 Bd7 19.Bf6
Bxf6 20.Rxf6 cxd5 21.exd5 Ne5 22.Rxd6 Nf5 23.Rxd7 Nxd7 24.Qg5
Ne7 25.Re1 Kf8 26.Nd4 Re8 27.Ne6+ fxe6 28.Rf1+ Nf5 29.dxe6 Rxe6
30.Rxf5+ Qxf5 31.Qxf5+ Ke7 32.a3 Re5 33.Qg6 Rf8 34.Nd5+ Kd8 35.Qd6 1-0

[Event "FIDE Open"]
[Site "Voronezh"]
[Date "2018.06.14"]
[Round "3.4"]
[White "Napalkov, Vladimir"]
[Black "Ioffe, Evgeny"]
[Result "1/2-1/2"]
[WhiteElo "2005"]
[BlackElo "2079"]
[Annotator ""]
[Source ""]
[Remark ""]

1.e4 e5 2.Nf3 Nc6 3.Bc4 Bc5 4.d3 Nf6 5.O-O O-O 6.Nc3 h6 7.a3
Re8 8.h3 a6 9.Re1 d6 10.Be3 Bxe3 11.Rxe3 Nd4 12.Nd5 Ne6 13.d4
Nf4 14.dxe5 dxe5 15.Nxe5 Nxh3+ 16.Rxh3 Bxh3 17.Nxf7 Kxf7 18.Nxf6+
Kxf6 19.Qf3+ Kg6 20.Bf7+ Kh7 21.Bxe8 Qxe8 22.gxh3 Qe5 23.c3 Rd8
24.Qe3 Rf8 25.Re1 Rf6 26.Kg2 Rf4 27.Qg3 h5 28.Qd3 c6 29.Re2 Kh6
30.Kf1 Rf6 31.Qe3+ Kh7 32.Ke1 g5 33.Qd4 Qe6 34.e5 Rf7 35.Qd6
Re7 36.Qxe6 Rxe6 37.Kd2 Kg6 38.Kd3 Kf5 39.Kd4 g4 40.hxg4+ hxg4
41.a4 Kf4 42.Re3 a5 43.c4 Kf5 44.Re1 Kf4 1/2-1/2

[Event "FIDE Open"]
[Site "Voronezh"]
[Date "2018.06.14"]
[Round "3.5"]
[White "Tikhonov, Viacheslav"]
[Black "Bobkov, Vadim"]
[Result "0-1"]
[WhiteElo "1993"]
[BlackElo "2058"]
[Annotator ""]
[Source ""]
[Remark ""]

1.d4 d5 2.c4 e6 3.Nc3 c6 4.e4 dxe4 5.Nxe4 Bb4+ 6.Nc3 c5 7.Be3
Ne7 8.Nf3 Nbc6 9.Rc1 O-O 10.Bd3 cxd4 11.Nxd4 Nxd4 12.Bxd4 Ng6
13.Be3 f5 14.O-O Bd7 15.f3 Bc6 16.a3 Bd6 17.c5 Bb8 18.f4 Bxf4
19.Qd2 Be5 20.Bg5 Qc7 21.h3 Bd4+ 22.Be3 Qe5 23.Rce1 Rad8 24.Bc4
Bxc3 25.Qxc3 Qg3 26.Re2 f4 27.Bxe6+ Kh8 28.Bd4 Rxd4 29.Qxd4 f3
30.Qf2 Nf4 31.Qxg3 Nxe2+ 32.Kh2 Nxg3 33.Kxg3 Re8 34.Bg4 fxg2
35.Rd1 Rf8 36.h4 h5 37.Bh3 Rf3+ 38.Kh2 Rb3 39.Rb1 Rd3 40.a4 a5
41.b3 Bd5 42.Bf5 Rf3 43.Bh3 Rc3 44.Bf5 Kg8 45.Bg6 Bxb3 46.Kxg2
Bc2 47.Bxc2 Rxc2+ 48.Kg3 Rc3+ 49.Kg2 Rxc5 50.Rxb7 g6 51.Rb5 Rc4
52.Rxa5 Rxh4 53.Ra7 Rc4 54.a5 Ra4 55.Kh2 Ra3 56.Kg2 h4 57.Kh2
g5 58.Rb7 Rxa5 59.Kh3 Ra3+ 60.Kh2 Ra2+ 61.Kh3 Ra3+ 62.Kh2 Kf8
63.Rh7 Rf3 0-1

[Event "FIDE Open"]
[Site "Voronezh"]
[Date "2018.06.14"]
[Round "3.6"]
[White "Lepaev, Andrey"]
[Black "Bitkinin, Lenar"]
[Result "1-0"]
[WhiteElo "1992"]
[BlackElo "2055"]
[Annotator ""]
[Source ""]
[Remark ""]

1.d4 f5 2.Nf3 Nf6 3.g3 g6 4.Bg2 Bg7 5.O-O O-O 6.b3 d6 7.Bb2 Qe8
8.c4 Na6 9.Qc2 c5 10.d5 b5 11.a3 Rb8 12.Nbd2 bxc4 13.Nxc4 Nc7
14.Rad1 Qb5 15.Bxf6 Bxf6 16.Nfd2 a5 17.e4 fxe4 18.a4 Qb4 19.Nxe4
Bd4 20.Qd2 Bg4 21.Rde1 Qxd2 22.Nexd2 Rf7 23.Nxa5 Bc3 24.Nac4
Bd4 25.Na5 Rbf8 26.Ne4 Bf3 27.Nc6 Nxd5 28.Nxd4 cxd4 29.Ng5 Bxg2
30.Kxg2 Rf6 31.Ne6 Rb8 32.Nxd4 Rb4 33.Nc6 Rb7 34.b4 e5 35.b5
Nc3 36.Ra1 e4 37.Ra3 Nd5 38.Rd1 Rf5 39.a5 e3 40.fxe3 Rbf7 41.Rd2
Nc7 42.b6 Na6 43.Rad3 Nc5 44.Rd5 Rf3 45.Rxc5 1-0

[Event "FIDE Open"]
[Site "Voronezh"]
[Date "2018.06.14"]
[Round "3.7"]
[White "Lilov, Aleksandr"]
[Black "Kolyuzhnov, Vladislav"]
[Result "1-0"]
[WhiteElo "2046"]
[BlackElo "1986"]
[Annotator ""]
[Source ""]
[Remark ""]

1.g3 e5 2.c4 Nf6 3.Bg2 Be7 4.Nc3 O-O 5.Nf3 Nc6 6.d3 d6 7.O-O
Ne8 8.Ne1 f5 9.f4 g5 10.e3 gxf4 11.exf4 Nf6 12.Nd5 Nd4 13.Nc2
Nxd5 14.Bxd5+ Ne6 15.Qe2 c6 16.Bxe6+ Bxe6 17.fxe5 d5 18.Bh6 Rf7
19.Rad1 d4 20.Ne1 b5 21.b3 bxc4 22.bxc4 Rb8 23.Ng2 c5 24.Rb1
Rb6 25.Qc2 Bc8 26.Bd2 Qd7 27.Nf4 Rg7 28.Rxb6 axb6 29.Rb1 Bd8
30.Nd5 Qe6 31.Bf4 Bb7 32.Qb3 Rg6 33.a4 h5 34.Kf2 h4 35.a5 hxg3+
36.hxg3 Qf7 37.axb6 Qh7 38.Rg1 Qh2+ 39.Rg2 Qh1 40.Qb5 Bc6 41.b7
Bxb5 42.b8Q Qd1 43.Qxd8+ Kg7 44.Qe7+ Kg8 45.Nf6+ Rxf6 46.exf6 1-0

[Event "FIDE Open"]
[Site "Voronezh"]
[Date "2018.06.14"]
[Round "3.8"]
[White "Artemov, Nikita"]
[Black "Selensky, Andrey"]
[Result "1-0"]
[WhiteElo "1970"]
[BlackElo "2040"]
[Annotator ""]
[Source ""]
[Remark ""]

1.e4 c5 2.Nf3 Nc6 3.Bb5 Nd4 4.Nxd4 cxd4 5.c3 e5 6.cxd4 Qb6 7.Nc3
Nf6 8.dxe5 Nxe4 9.Qe2 Nxc3 10.bxc3 Be7 11.d4 O-O 12.O-O d5 13.exd6
Bxd6 14.Bd2 Be6 15.a4 a6 16.Bd3 Rfe8 17.Rfb1 Qd8 18.Qh5 g6 19.Qg5
Qc7 20.h3 Be7 21.Qf4 Bd6 22.Qf3 Rab8 23.a5 f5 24.c4 Qf7 25.d5
Bd7 26.Bf4 Be5 27.Bxe5 Rxe5 28.c5 Rxd5 29.Bc4 Bc6 30.Bxd5 Bxd5
31.Qf4 Rc8 32.Qd6 Bc6 33.Re1 Qd5 34.Qxd5+ Bxd5 35.Rad1 Bc6 36.Re7
Rf8 37.f4 Rc8 38.Rd6 Be4 39.Rdd7 h6 40.Rg7+ Kf8 41.Rh7 Kg8 42.Rdg7+
Kf8 43.Rh8+ Kxg7 44.Rxc8 g5 45.g3 gxf4 46.gxf4 h5 47.Kf2 h4 48.Rd8
Bc6 49.Rd1 Kf6 50.Ke3 Bg2 51.Kd4 Bxh3 52.Rh1 Bg2 53.Rxh4 Ke6
54.Rh6+ Kd7 55.Ke5 Be4 56.Rf6 1-0

[Event "FIDE Open"]
[Site "Voronezh"]
[Date "2018.06.14"]
[Round "3.9"]
[White "Kuzmin, Roman"]
[Black "Martyntsev, Roman"]
[Result "0-1"]
[WhiteElo "1963"]
[BlackElo "2035"]
[Annotator ""]
[Source ""]
[Remark ""]

1.e4 c5 2.Nf3 Nc6 3.d4 cxd4 4.Nxd4 Nf6 5.Nc3 e5 6.Ndb5 d6 7.Bg5
a6 8.Na3 b5 9.Bxf6 gxf6 10.Nd5 f5 11.g3 fxe4 12.Bg2 Bg7 13.Bxe4
O-O 14.Ne3 Qc7 15.Qh5 h6 16.c3 Rb8 17.Nac2 Ne7 18.Nb4 f5 19.Ned5
Nxd5 20.Bxd5+ Kh8 21.O-O-O Rb6 22.Bg2 Qc5 23.Nd5 Rb8 24.Ne7 Be6
25.Ng6+ Kg8 26.Nxf8 Kxf8 27.Bh3 e4 28.Qe2 b4 29.Qxa6 Ke7 30.Rd2
bxc3 31.Rc2 Bc4 32.Qa3 cxb2+ 0-1